000
00330nam a2200157 a 4500
008
190522s1997|||| d
100
1
_a
Cayce Edgar
260
_b
KV FINAL
_a
Turnov
_c
1997
958
_a
AUL
245
1
0
_a
O lásce
250
_a
1.vydanie
300
_a
126s.
020
_c
0
041
_a
cze
044
_a
xo
_c
SK
999
_c
20728
_d
20728